MARC

LEADER 00000nam0a2200000 4500
001 287182
005 20231101235950.0
035 |a (RuTPU)RU\TPU\book\311559 
090 |a 287182 
100 |a 20150313d1954 k y0rusy50 ca 
101 0 |a rus 
102 |a RU 
105 |a a z 001zy 
200 1 |a Люминесцентный анализ при изучении руд и минералов  |f Г. Ф. Комовский, О. Н. Ложникова 
210 |a Москва  |c Госгеолтехиздат  |d 1954 
215 |a 92 с.  |c ил. 
320 |a Библиогр.: с. 89-91. 
606 1 |a Люминесцентный анализ  |2 stltpush  |3 (RuTPU)RU\TPU\subj\40683  |9 60525 
610 1 |a руды 
610 1 |a минералы 
610 1 |a изучение 
610 1 |a оптические приборы 
610 1 |a микроскоп 
610 1 |a лупы 
610 1 |a спектроскопическая диагностика 
610 1 |a спектроскопия 
610 1 |a возбудители 
610 1 |a фотолюминесценция 
610 1 |a ультрафиолетовое излучение 
610 1 |a рентгенолюминесценция 
610 1 |a термолюминесценция 
610 1 |a фосфороскопы 
610 1 |a катодолюминесценция 
610 1 |a спектры 
675 |a 535.37  |v 3 
700 1 |a Комовский  |b Г. Ф. 
701 1 |a Ложникова  |b О. Н. 
801 1 |a RU  |b 63413507  |c 20150313 
801 2 |a RU  |b 63413507  |c 20151103  |g RCR 
942 |c BK